[Event "23rd EUR-ch"]
[Site "Vrnjacka Banja SRB"]
[Date "2023.03.04"]
[Round "2.172"]
[White "Lauda, Alexandr"]
[Black "Sukovic, Andrej"]
[Result "1/2-1/2"]
[WhiteElo "2084"]
[BlackElo "2322"]
[EventDate "2023.03.03"]
[PlyCount "87"]

1.e4 c5 2.Nf3 d6 3.d4 cxd4 4.Nxd4 Nf6 5.Nc3 a6 6.Be2 e5 7.Nb3 Be7 8.O-O 
O-O 9.Kh1 Be6 10.f4 Bd7 11.Qe1 Bc6 12.Bd3 Nbd7 13.Bd2 Re8 14.Rd1 Qc7 15.
Qg3 Rac8 16.fxe5 dxe5 17.Rf5 Nf8 18.Rdf1 Ng6 19.Bg5 b5 20.h4 b4 21.Bxf6 
Bxf6 22.Rxf6 gxf6 23.Ne2 Kh8 24.h5 Ne7 25.Rxf6 Rg8 26.Qh4 Rcf8 27.Nc5 Qc8 
28.Rxc6 Qxc6 29.Qxe7 Re8 30.Qh4 Qh6 31.g4 Rg7 32.Nd7 f5 33.Qf6 Qxf6 34.
Nxf6 Rf8 35.h6 Rg6 36.Nd7 fxe4 37.Nxf8 Rxh6+ 38.Kg2 exd3 39.cxd3 Rd6 40.
Ng3 Rxd3 41.Nf5 Rd2+ 42.Kg3 Rxb2 43.Ne6 Rxa2 44.Nh6 1/2-1/2

[Event "23rd EUR-ch"]
[Site "Vrnjacka Banja SRB"]
[Date "2023.03.04"]
[Round "2.173"]
[White "Gaal, Zsoka"]
[Black "Dimitrijevic, Dusan"]
[Result "1-0"]
[WhiteElo "2320"]
[BlackElo "2105"]
[EventDate "2023.03.03"]
[PlyCount "95"]

1.d4 d5 2.c4 c6 3.Nf3 Nf6 4.e3 e6 5.Bd3 dxc4 6.Bxc4 b5 7.Bb3 c5 8.dxc5 
Qxd1+ 9.Bxd1 Bxc5 10.a4 b4 11.Nbd2 Ba6 12.Nb3 Be7 13.Nfd4 Nbd7 14.Nb5 Bxb5
15.axb5 Nc5 16.Nxc5 Bxc5 17.Bf3 Rd8 18.Bc6+ Nd7 19.Bd2 O-O 20.Ke2 Ne5 21.
Rhc1 Bd6 22.Rxa7 Bb8 23.Ra8 Nd3 24.Rca1 Be5 25.Rxd8 Rxd8 26.f4 Bxb2 27.Ra8
Rxa8 28.Bxa8 Nc5 29.Bxb4 Na4 30.Bc6 Nb6 31.Bc5 Na4 32.Ba7 Bf6 33.b6 Nc5 
34.b7 Nxb7 35.Bxb7 Be7 36.Bd4 Ba3 37.Be4 Be7 38.Kd3 Ba3 39.g4 g6 40.Bf3 
Bd6 41.g5 Ba3 42.Kc4 Bc1 43.Kc5 h6 44.gxh6 Kh7 45.Kd6 Kxh6 46.Ke7 g5 47.
Kxf7 gxf4 48.h4 1-0

[Event "23rd EUR-ch"]
[Site "Vrnjacka Banja SRB"]
[Date "2023.03.04"]
[Round "2.174"]
[White "Jocev, Milan"]
[Black "Leskovac, Nikola"]
[Result "1-0"]
[WhiteElo "2315"]
[BlackElo "2103"]
[EventDate "2023.03.03"]
[PlyCount "69"]

1.d4 d5 2.c4 e6 3.Nf3 Nf6 4.g3 Be7 5.Bg2 O-O 6.O-O b6 7.Nc3 Bb7 8.cxd5 
Nxd5 9.Nxd5 Bxd5 10.Qd3 c5 11.dxc5 bxc5 12.Bd2 Nd7 13.e4 Bc6 14.Qc2 Bf6 
15.Rac1 Qb6 16.b4 Bb5 17.bxc5 Qa6 18.Rfe1 Rac8 19.Bb4 Be7 20.Re3 Ba4 21.
Bf1 Bb5 22.Rc3 Bxf1 23.Rxf1 Qb5 24.Ba3 e5 25.Rd1 Qc6 26.Rd5 f5 27.Qb3 Kh8 
28.Nxe5 Nxe5 29.Rxe5 fxe4 30.Rxe7 Qf6 31.Qc2 Rb8 32.Rxe4 Rb1+ 33.Qxb1 Qxc3
34.Re3 Qd2 35.Qe1 1-0

[Event "23rd EUR-ch"]
[Site "Vrnjacka Banja SRB"]
[Date "2023.03.04"]
[Round "2.175"]
[White "Vujcic, Milena"]
[Black "Bodiroga, Predrag"]
[Result "0-1"]
[WhiteElo "2072"]
[BlackElo "2314"]
[EventDate "2023.03.03"]
[PlyCount "86"]

1.e4 c6 2.d4 d5 3.e5 Bf5 4.Nf3 e6 5.Be2 Ne7 6.O-O h6 7.Re1 Nd7 8.Nbd2 Rc8 
9.Nf1 Bh7 10.Be3 Nf5 11.c3 Be7 12.g4 Nxe3 13.Nxe3 O-O 14.Ng2 c5 15.Rc1 
cxd4 16.cxd4 Qb6 17.Bd3 Bxd3 18.Qxd3 Nb8 19.a3 Qxb2 20.Rb1 Qxa3 21.Qxa3 
Bxa3 22.Rb3 Be7 23.Rxb7 Nc6 24.Nf4 a5 25.Nd3 Rb8 26.Reb1 Rfc8 27.R1b6 Rxb7
28.Rxb7 a4 29.Rb6 Bd8 30.Ra6 Na5 31.Nc5 a3 32.Ne1 Nc6 33.Nc2 Nxd4 34.Nxd4 
Rxc5 35.Ra8 Kh7 36.Rxd8 a2 37.Nb3 Rb5 38.Ra8 Rxb3 39.Rxa2 Rb1+ 40.Kg2 Re1 
41.f4 g5 42.Ra7 Kg7 43.f5 exf5 0-1

[Event "23rd EUR-ch"]
[Site "Vrnjacka Banja SRB"]
[Date "2023.03.04"]
[Round "2.176"]
[White "Piliposian, Robert"]
[Black "Kosovic, Miroslav"]
[Result "1-0"]
[WhiteElo "2314"]
[BlackElo "2100"]
[EventDate "2023.03.03"]
[PlyCount "50"]

1.d4 Nf6 2.c4 c5 3.d5 b5 4.cxb5 a6 5.bxa6 g6 6.Nc3 d6 7.e4 Bg7 8.a7 Rxa7 
9.Nf3 O-O 10.Be2 Ba6 11.O-O Qb6 12.Re1 Nfd7 13.a4 Bxe2 14.Rxe2 Na6 15.Nb5 
Rb7 16.Bg5 Ne5 17.Nd2 h6 18.Bf4 Qd8 19.Bxe5 Bxe5 20.Nc4 Bf6 21.Qd2 Bg7 22.
f4 Rd7 23.Qa5 Qxa5 24.Nxa5 e5 25.dxe6 fxe6 1-0

[Event "23rd EUR-ch"]
[Site "Vrnjacka Banja SRB"]
[Date "2023.03.04"]
[Round "2.177"]
[White "Grozdanovic, Anastasia"]
[Black "Van Dael, Siem"]
[Result "0-1"]
[WhiteElo "2050"]
[BlackElo "2312"]
[EventDate "2023.03.03"]
[PlyCount "68"]

1.d4 Nf6 2.c4 g6 3.Nc3 Bg7 4.e4 d6 5.Nf3 O-O 6.Be2 Nbd7 7.O-O e5 8.Be3 
exd4 9.Nxd4 Re8 10.f3 c6 11.Qc2 d5 12.cxd5 cxd5 13.Ncb5 dxe4 14.Nc7 exf3 
15.Bxf3 Rxe3 16.Nxa8 Nb6 17.Rad1 Nxa8 18.Nf5 Qb6 19.Nxe3 Qxe3+ 20.Kh1 Qe8 
21.Rfe1 Be6 22.Bxb7 Nb6 23.Qc7 Bf8 24.Rd8 Qb5 25.Qe7 Nbd7 26.Bc8 Kg7 27.
Rxf8 Nxf8 28.Bxe6 Nxe6 29.Qxa7 Qxb2 30.a4 Nf4 31.Qg1 Nd3 32.Rf1 Ng4 33.Qa7
Ndf2+ 34.Kg1 Nh3+ 0-1

[Event "23rd EUR-ch"]
[Site "Vrnjacka Banja SRB"]
[Date "2023.03.04"]
[Round "2.179"]
[White "Kostic, Milutin B."]
[Black "Marcetic, Nikola"]
[Result "1/2-1/2"]
[WhiteElo "2049"]
[BlackElo "2309"]
[EventDate "2023.03.03"]
[PlyCount "67"]

1.d4 Nf6 2.Nf3 c5 3.c3 e6 4.Bg5 h6 5.Bh4 Nc6 6.e3 Be7 7.Bd3 d5 8.Nbd2 O-O 
9.O-O b6 10.Qe2 Bb7 11.a3 Nd7 12.Bg3 a6 13.b4 c4 14.Bc2 f5 15.Ne5 Ncxe5 
16.dxe5 b5 17.Nf3 a5 18.Nd4 Qb6 19.Qh5 Rfd8 20.Bf4 Nf8 21.g4 Bc8 22.gxf5 
exf5 23.Bxf5 axb4 24.axb4 Ra4 25.Bxc8 Rxc8 26.Nf5 Qe6 27.Kh1 g6 28.Nxe7+ 
Qxe7 29.Qxh6 d4 30.exd4 Qb7+ 31.Kg1 Qf3 32.Be3 Qg4+ 33.Kh1 Qf3+ 34.Kg1 
1/2-1/2

[Event "23rd EUR-ch"]
[Site "Vrnjacka Banja SRB"]
[Date "2023.03.04"]
[Round "2.180"]
[White "Eren, Ataberk"]
[Black "Sekelja, Marko"]
[Result "1-0"]
[WhiteElo "2308"]
[BlackElo "2089"]
[EventDate "2023.03.03"]
[PlyCount "71"]

1.d4 d5 2.c4 c6 3.Nf3 Nf6 4.Nc3 e6 5.Bg5 Nbd7 6.e3 Be7 7.Bd3 O-O 8.O-O 
dxc4 9.Bxc4 b5 10.Bd3 b4 11.Ne4 Nxe4 12.Bxe7 Qxe7 13.Bxe4 Bb7 14.Rc1 Rfc8 
15.Qa4 Nb6 16.Qa5 Nd5 17.Ne5 Qc7 18.Qxc7 Rxc7 19.Rc5 f6 20.Nc4 Ba6 21.Rc1 
b3 22.axb3 Bxc4 23.bxc4 Nb4 24.g4 g6 25.Ra1 f5 26.Bf3 Nd3 27.Rxc6 Rac8 28.
Rxc7 Rxc7 29.b3 Kf7 30.Kf1 Ke7 31.Ke2 Nb4 32.gxf5 gxf5 33.Ra4 Nc6 34.Bxc6 
Rxc6 35.Rxa7+ Kf6 36.c5 1-0

[Event "23rd EUR-ch"]
[Site "Vrnjacka Banja SRB"]
[Date "2023.03.04"]
[Round "2.181"]
[White "Gusev, Mikhail"]
[Black "Denishev, Marat"]
[Result "1/2-1/2"]
[WhiteElo "2039"]
[BlackElo "2303"]
[EventDate "2023.03.03"]
[PlyCount "65"]

1.e4 c5 2.Nf3 d6 3.d4 cxd4 4.Nxd4 Nf6 5.Nc3 a6 6.Be3 e5 7.Nb3 Be6 8.f3 Be7
9.Qd2 h5 10.Be2 Nbd7 11.Nd5 Nxd5 12.exd5 Bf5 13.O-O Bg6 14.Na5 Qc7 15.c4 
Bd8 16.b4 O-O 17.Rac1 Rc8 18.Nb3 b6 19.c5 bxc5 20.bxc5 dxc5 21.Nxc5 Qd6 
22.Nb7 Qb8 23.Nxd8 Rfxd8 24.Bxa6 Rxc1 25.Rxc1 Nb6 26.Bc4 Nxc4 27.Rxc4 f6 
28.Rc6 Bf7 29.d6 Qb1+ 30.Kf2 Qxa2 31.Qxa2 Bxa2 32.Bb6 Rd7 33.Rc8+ 1/2-1/2

[Event "23rd EUR-ch"]
[Site "Vrnjacka Banja SRB"]
[Date "2023.03.04"]
[Round "2.182"]
[White "Butolo, Alexandru-Mircea"]
[Black "Ivanovic, Marko"]
[Result "1/2-1/2"]
[WhiteElo "2027"]
[BlackElo "2302"]
[EventDate "2023.03.03"]
[PlyCount "55"]

1.e4 d6 2.d4 Nf6 3.Nc3 e5 4.Nf3 Nbd7 5.Bc4 Be7 6.a4 O-O 7.a5 c6 8.O-O Qc7 
9.h3 Nxe4 10.Nxe4 d5 11.Nxe5 Nxe5 12.Bf4 dxc4 13.dxe5 Be6 14.Qh5 Rad8 15.
Rae1 Qxa5 16.Re3 Rd4 17.Bg5 Bxg5 18.Nxg5 h6 19.Nxe6 fxe6 20.Rg3 Rf7 21.Rg6
Qd5 22.c3 Re4 23.f4 Qd2 24.Qxh6 Rxe5 25.Qh4 Re4 26.Qg4 Qe3+ 27.Kh2 b5 28.
Rf3 1/2-1/2

[Event "23rd EUR-ch"]
[Site "Vrnjacka Banja SRB"]
[Date "2023.03.04"]
[Round "2.183"]
[White "Spasic, Petar"]
[Black "Kienboeck, Benjamin"]
[Result "1-0"]
[WhiteElo "2298"]
[BlackElo "2066"]
[EventDate "2023.03.03"]
[PlyCount "54"]

1.c4 e5 2.Nc3 Nf6 3.Nf3 Nc6 4.e4 Bb4 5.d3 O-O 6.Be2 d6 7.a3 Bc5 8.b4 Bb6 
9.Na4 Bd4 10.Rb1 a6 11.Nxd4 Nxd4 12.O-O b5 13.Nc3 Bb7 14.Bf3 bxc4 15.dxc4 
a5 16.b5 Nd7 17.Bg4 Nc5 18.Re1 f5 19.exf5 Nxf5 20.Nd5 Ne7 21.Bg5 Bxd5 22.
cxd5 Kh8 23.Rc1 h6 24.Be3 Ne4 25.Be6 Nf6 26.Rc4 a4 27.Qd2 Kh7 1-0

[Event "23rd EUR-ch"]
[Site "Vrnjacka Banja SRB"]
[Date "2023.03.04"]
[Round "2.184"]
[White "Tregubenko, Nikolai"]
[Black "Vagman, Roy"]
[Result "1-0"]
[WhiteElo "2022"]
[BlackElo "2298"]
[EventDate "2023.03.03"]
[PlyCount "85"]

1.e4 c5 2.Nf3 d6 3.d4 cxd4 4.Nxd4 Nf6 5.Nc3 Nc6 6.Bg5 e6 7.Qd2 Be7 8.O-O-O
a6 9.f4 Bd7 10.Nf3 b5 11.Bxf6 gxf6 12.f5 Qa5 13.Kb1 h5 14.g3 Rc8 15.Bh3 b4
16.Ne2 e5 17.g4 hxg4 18.Bxg4 Qb6 19.h4 Na5 20.b3 Bc6 21.Ng3 Rg8 22.Nh2 Nb7
23.h5 Nc5 24.Rhe1 a5 25.h6 Rh8 26.Bf3 a4 27.Ng4 Bb7 28.Ne3 Na6 29.Nc4 Rxc4
30.bxc4 Nc5 31.Rh1 Ba6 32.Be2 Bb7 33.Bd3 Kd7 34.h7 Bc6 35.Ka1 Na6 36.Ne2 
Nc5 37.Rh4 Bd8 38.Rg1 b3 39.Rg8 Nxd3 40.cxd3 bxa2 41.Qb2 Qa5 42.Rxh8 Qe1+ 
43.Kxa2 1-0

[Event "23rd EUR-ch"]
[Site "Vrnjacka Banja SRB"]
[Date "2023.03.04"]
[Round "2.185"]
[White "Bjelanovic, Mile"]
[Black "Todorovic, Goran N."]
[Result "1-0"]
[WhiteElo "2017"]
[BlackElo "2296"]
[EventDate "2023.03.03"]
[PlyCount "71"]

1.e4 d6 2.d4 Nf6 3.Nc3 g6 4.h3 c6 5.a4 Nbd7 6.Nf3 e5 7.dxe5 dxe5 8.Bc4 Bg7
9.Qd6 Bf8 10.Qd3 h6 11.O-O Qc7 12.Rd1 a5 13.Be3 Be7 14.Ne2 Nf8 15.Ng3 Be6 
16.Qb3 Bxc4 17.Qxc4 N8d7 18.Rd3 Kf8 19.Rad1 Rd8 20.Nh4 Ng8 21.Nf3 Kg7 22.
Qc3 Ngf6 23.Qc4 Nb8 24.Nh4 Rxd3 25.Rxd3 Ng8 26.Nf3 Nd7 27.h4 Ngf6 28.h5 
Re8 29.hxg6 fxg6 30.Nh4 Bf8 31.Nhf5+ gxf5 32.Nxf5+ Kg6 33.Nh4+ Kh7 34.Qf7+
Bg7 35.Bxh6 Rg8 36.Nf5 1-0

[Event "23rd EUR-ch"]
[Site "Vrnjacka Banja SRB"]
[Date "2023.03.04"]
[Round "2.186"]
[White "Averin, Nikolai"]
[Black "Jeremic, Milan"]
[Result "1-0"]
[WhiteElo "2296"]
[BlackElo "2052"]
[EventDate "2023.03.03"]
[PlyCount "63"]

1.e4 c6 2.d4 d5 3.exd5 cxd5 4.c4 Nf6 5.Nc3 Nc6 6.Nf3 e6 7.c5 Be7 8.Bb5 Bd7
9.O-O a5 10.Na4 Nb8 11.Qb3 Nc6 12.Nb6 Ra7 13.Qa4 O-O 14.Nxd7 Nxd7 15.Bxc6 
bxc6 16.Qxc6 Bf6 17.Bf4 Nb8 18.Qa4 Qc8 19.b4 Na6 20.b5 Nxc5 21.dxc5 Bxa1 
22.Rxa1 Qxc5 23.Be3 Qe7 24.Bxa7 Qxa7 25.Qd4 Qc7 26.a4 Rc8 27.h3 f6 28.Re1 
Qd6 29.Qa7 e5 30.Qxa5 Rc2 31.Nd4 exd4 32.Qa8+ 1-0

[Event "23rd EUR-ch"]
[Site "Vrnjacka Banja SRB"]
[Date "2023.03.04"]
[Round "2.187"]
[White "Ozsac, Samet Harun"]
[Black "Pousada Garcia, Daniel"]
[Result "1/2-1/2"]
[WhiteElo "2293"]
[BlackElo "2050"]
[EventDate "2023.03.03"]
[PlyCount "88"]

1.c4 Nf6 2.Nc3 e5 3.Nf3 Nc6 4.e4 Bb4 5.d3 h6 6.a3 Bxc3+ 7.bxc3 d6 8.g3 O-O
9.Bg2 Ne8 10.Nh4 Ne7 11.d4 Be6 12.d5 Bd7 13.O-O f5 14.Rb1 b6 15.exf5 Nxf5 
16.Ng6 Rf6 17.Qh5 Ne7 18.Nxe7+ Qxe7 19.Be4 Qf7 20.Qe2 g5 21.Be3 Ng7 22.f4 
Bh3 23.Rf2 gxf4 24.gxf4 exf4 25.Bd4 f3 26.Rxf3 Rxf3 27.Qxf3 Qxf3 28.Bxf3 
Rf8 29.Bg2 Bf5 30.Re1 Bd3 31.Bf1 Rxf1+ 32.Rxf1 Bxf1 33.Kxf1 Nf5 34.Kf2 
Nxd4 35.cxd4 Kf8 36.Ke3 Kg7 37.Kf3 Kf7 38.a4 Kg6 39.Kg4 h5+ 40.Kf4 Kf6 41.
h4 Kg6 42.Ke4 Kf6 43.Kf4 Kg6 44.Ke4 Kf6 1/2-1/2

[Event "23rd EUR-ch"]
[Site "Vrnjacka Banja SRB"]
[Date "2023.03.04"]
[Round "2.188"]
[White "Banov, Boil"]
[Black "Krasteva, Beloslava"]
[Result "1/2-1/2"]
[WhiteElo "2016"]
[BlackElo "2292"]
[EventDate "2023.03.03"]
[PlyCount "54"]

1.c4 e6 2.g3 d5 3.Bg2 Nf6 4.Nf3 Bd6 5.O-O O-O 6.d3 c5 7.Nc3 d4 8.Ne4 Nxe4 
9.dxe4 Nc6 10.Ne1 e5 11.Bd2 a6 12.a4 Be6 13.b3 b5 14.Qc2 bxc4 15.bxc4 Nb4 
16.Qc1 Rb8 17.Nd3 Nxd3 18.exd3 Rb3 19.Qc2 Qb6 20.a5 Qb7 21.Rfb1 Rb8 22.
Qxb3 Qxb3 23.Rxb3 Rxb3 24.Bf1 Bg4 25.Kg2 Be6 26.Ra2 h5 27.Be2 g6 1/2-1/2

[Event "23rd EUR-ch"]
[Site "Vrnjacka Banja SRB"]
[Date "2023.03.04"]
[Round "2.189"]
[White "Remolar Gallen, Jose"]
[Black "Konstantinidis, Konstantinos"]
[Result "1-0"]
[WhiteElo "2290"]
[BlackElo "2047"]
[EventDate "2023.03.03"]
[PlyCount "77"]

1.Nf3 Nf6 2.d4 g6 3.c4 Bg7 4.g3 O-O 5.Bg2 d6 6.O-O Nbd7 7.Nc3 e5 8.e4 exd4
9.Nxd4 Re8 10.h3 Nc5 11.Re1 Bd7 12.b3 a5 13.a4 Qc8 14.Kh2 Re5 15.f3 Rh5 
16.h4 Re5 17.Qc2 Re8 18.Be3 Nh5 19.Rad1 c6 20.Nde2 Qc7 21.Rd2 f5 22.Red1 
Rad8 23.Rxd6 Ne6 24.exf5 Nf8 25.Bg5 Bxf5 26.Bxd8 Qxd6 27.Qc1 Qe5 28.Bb6 
Ne6 29.f4 Qf6 30.Qd2 Bg4 31.Ne4 Qf8 32.Nd6 Re7 33.Re1 Rd7 34.c5 Nf6 35.Nd4
Nxd4 36.Qxd4 Be6 37.Qd1 Ng4+ 38.Kg1 Bf7 39.Qxg4 1-0

[Event "23rd EUR-ch"]
[Site "Vrnjacka Banja SRB"]
[Date "2023.03.04"]
[Round "2.190"]
[White "Cuzovic, Ognjen"]
[Black "Irizanin, Radoje"]
[Result "1-0"]
[WhiteElo "2009"]
[BlackElo "2288"]
[EventDate "2023.03.03"]
[PlyCount "80"]

1.d4 d5 2.c4 c6 3.Nc3 Nf6 4.Nf3 e6 5.e3 Nbd7 6.Bd3 dxc4 7.Bxc4 b5 8.Bd3 
Bd6 9.O-O O-O 10.Ne4 Nxe4 11.Bxe4 Bb7 12.Qe2 Qc7 13.h3 f5 14.Bd3 e5 15.
dxe5 Nxe5 16.Nxe5 Bxe5 17.f4 Bd6 18.e4 fxe4 19.Qxe4 Bc5+ 20.Kh1 g6 21.f5 
Rae8 22.Qh4 Qd8 23.Qg3 Bd6 24.Bf4 Bxf4 25.Rxf4 Qf6 26.Raf1 g5 27.h4 g4 28.
Rxg4+ Kh8 29.Re1 Qxb2 30.Rxe8 Rxe8 31.Qc7 Qa1+ 32.Kh2 Qf6 33.Qxb7 Rd8 34.
Be4 Qe5+ 35.Kh3 Qc3+ 36.Rg3 Qa1 37.f6 Qh1+ 38.Kg4 Qd1+ 39.Rf3 Rg8+ 40.Kh5 
Rg6 1-0

[Event "23rd EUR-ch"]
[Site "Vrnjacka Banja SRB"]
[Date "2023.03.04"]
[Round "2.191"]
[White "Gunduz, Umut Erdem"]
[Black "Nikanova, Ekaterina"]
[Result "1-0"]
[WhiteElo "2286"]
[BlackElo "2032"]
[EventDate "2023.03.03"]
[PlyCount "63"]

1.e4 c5 2.Nf3 e6 3.d4 cxd4 4.Nxd4 Nc6 5.Nc3 Qc7 6.Be3 a6 7.Qf3 Bd6 8.O-O-O
Be5 9.h4 Nge7 10.h5 b5 11.Qg4 Rg8 12.f4 Bxd4 13.Bxd4 Nxd4 14.Rxd4 d5 15.e5
Qc5 16.Rd2 b4 17.Nd1 Qa5 18.Bd3 Qxa2 19.Rf2 g6 20.hxg6 hxg6 21.Qg5 Bd7 22.
Qf6 Bb5 23.Rh7 Rf8 24.Bxg6 Nxg6 25.f5 exf5 26.e6 Ra7 27.Rxf5 d4 28.Rxf7 
Raxf7 29.Qxg6 Qc4 30.Rxf7 Rxf7 31.Qxf7+ Kd8 32.e7+ 1-0

[Event "23rd EUR-ch"]
[Site "Vrnjacka Banja SRB"]
[Date "2023.03.04"]
[Round "2.192"]
[White "Peric, Slavisa"]
[Black "Omorjan, Dejan"]
[Result "0-1"]
[WhiteElo "1980"]
[BlackElo "2286"]
[EventDate "2023.03.03"]
[PlyCount "78"]

1.d4 Nf6 2.Nf3 g6 3.c4 Bg7 4.e3 O-O 5.Be2 c5 6.d5 e6 7.Nc3 exd5 8.cxd5 d6 
9.O-O Re8 10.Nd2 Na6 11.e4 Nc7 12.a4 b6 13.Re1 h5 14.h3 Rb8 15.Bb5 Bd7 16.
Nc4 a6 17.Bxd7 Qxd7 18.Bf4 Bf8 19.Qf3 b5 20.axb5 axb5 21.Nxd6 Bxd6 22.e5 
b4 23.exd6 Rxe1+ 24.Rxe1 Nce8 25.Nd1 Nxd6 26.Ne3 Re8 27.Rc1 Nfe4 28.Qd1 
Nf5 29.Nxf5 Qxf5 30.Be3 Rd8 31.Qc2 Qxd5 32.f3 Ng3 33.h4 Re8 34.Qxc5 Qd8 
35.Bg5 f6 36.Qc4+ Kh8 37.Qf7 fxg5 38.Rc7 Qd4+ 39.Kh2 Qxh4+ 0-1

[Event "23rd EUR-ch"]
[Site "Vrnjacka Banja SRB"]
[Date "2023.03.04"]
[Round "2.194"]
[White "Kristoferitsch, Daniel"]
[Black "Alexakis, Dimitrios"]
[Result "1/2-1/2"]
[WhiteElo "2282"]
[BlackElo "2024"]
[EventDate "2023.03.03"]
[PlyCount "87"]

1.d4 Nf6 2.c4 c5 3.d5 b5 4.cxb5 a6 5.bxa6 Bxa6 6.Nc3 g6 7.e4 Bxf1 8.Kxf1 
d6 9.g3 Bg7 10.Kg2 O-O 11.Nf3 Nbd7 12.a4 Qb6 13.Qc2 Rfb8 14.Nb5 Ne8 15.Rb1
Nc7 16.Nxc7 Qxc7 17.b3 Qa5 18.Bd2 Qa6 19.Rhc1 Ne5 20.Nxe5 Bxe5 21.Qc4 Qxc4
22.Rxc4 e6 23.Kf1 exd5 24.exd5 Rb7 25.f3 Kf8 26.Ke2 Ke8 27.Kd3 Kd7 28.a5 
Rb5 29.Ra4 c4+ 30.Rxc4 Rxd5+ 31.Kc2 Rc5 32.Rxc5 dxc5 33.Kd3 Kc6 34.Kc4 Rb8
35.Re1 Bf6 36.Re4 Rd8 37.Bc3 Bxc3 38.Kxc3 Rd7 39.Kc4 Rd2 40.Re7 Rc2+ 41.
Kd3 Rxh2 42.a6 Kb6 43.a7 Ra2 44.Rxf7 1/2-1/2

[Event "23rd EUR-ch"]
[Site "Vrnjacka Banja SRB"]
[Date "2023.03.04"]
[Round "2.196"]
[White "Shoshin, Kirill"]
[Black "Kotyk, Michael"]
[Result "1-0"]
[WhiteElo "2278"]
[BlackElo "2018"]
[EventDate "2023.03.03"]
[PlyCount "113"]

1.d4 d5 2.Bf4 Nf6 3.e3 e6 4.Nf3 Bd6 5.Ne5 O-O 6.Nd2 c5 7.c3 c4 8.h4 Qc7 9.
h5 Nbd7 10.h6 g6 11.Nxd7 Nxd7 12.Bxd6 Qxd6 13.b3 cxb3 14.axb3 b6 15.Bb5 a6
16.O-O Bb7 17.Bxd7 Qxd7 18.Nf3 Rac8 19.Ne5 Qe7 20.Qd2 Rc7 21.Nf3 Rfc8 22.
Rfc1 Qf8 23.e4 dxe4 24.Ne5 f6 25.Ng4 f5 26.Ne5 f4 27.c4 Qxh6 28.Qb4 Qg5 
29.Qd6 Re7 30.c5 f3 31.g3 Bd5 32.Rc3 Rce8 33.Qxb6 Qd2 34.Qa5 Qxd4 35.Ng4 
Rb8 36.c6 Rc8 37.Rac1 Rec7 38.Qxa6 h5 39.Ne3 h4 40.g4 Kg7 41.Qb5 h3 42.b4 
h2+ 43.Kh1 Ra8 44.Qc5 Qxc5 45.Rxc5 Ra2 46.b5 Rxf2 47.Nxd5 exd5 48.b6 Rf7 
49.c7 e3 50.c8=Q e2 51.Qe6 Rf1+ 52.Kxh2 Rf2+ 53.Kg3 Rg2+ 54.Kh3 f2 55.Qe5+
Kh7 56.Qxe2 f1=Q 57.Rxf1 1-0

[Event "23rd EUR-ch"]
[Site "Vrnjacka Banja SRB"]
[Date "2023.03.04"]
[Round "2.197"]
[White "Levitan, Tal"]
[Black "Modric, Milos"]
[Result "1-0"]
[WhiteElo "2276"]
[BlackElo "2002"]
[EventDate "2023.03.03"]
[PlyCount "145"]

1.e4 d5 2.exd5 Qxd5 3.Nc3 Qa5 4.d4 c6 5.Nf3 Nf6 6.Ne5 Nbd7 7.Nc4 Qd8 8.Bf4
Nb6 9.Qd2 Be6 10.Ne5 g6 11.Be2 Bg7 12.O-O O-O 13.Rad1 Nbd5 14.Nxd5 cxd5 
15.Bh6 Ne4 16.Qe3 Rc8 17.Bxg7 Kxg7 18.c3 a6 19.Nd3 Bd7 20.Bf3 Nf6 21.Rfe1 
e6 22.h4 Bb5 23.Ne5 Nd7 24.h5 Qf6 25.Ng4 Qf5 26.Qh6+ Kg8 27.Re5 Nxe5 28.
dxe5 f6 29.Nxf6+ Rxf6 30.exf6 Qxf6 31.hxg6 Qxg6 32.Qe3 Rf8 33.Rd4 Kh8 34.
Rg4 Qf6 35.Rg5 Be8 36.Re5 Bf7 37.Bg4 Rg8 38.Bh3 h6 39.f4 Rg6 40.Qd4 Kh7 
41.f5 Rg5 42.Rxd5 Qxd4+ 43.Rxd4 exf5 44.Rd7 Kg6 45.Rxb7 Bxa2 46.Rb6+ Kh5 
47.Rxa6 Bb1 48.Ra5 Kh4 49.Kh2 Be4 50.Ra6 h5 51.c4 Rg3 52.Ra3 Rxa3 53.bxa3 
Kg5 54.g3 Kf6 55.Bg2 Bd3 56.c5 Ke5 57.c6 Kd6 58.Kh3 Kc7 59.Kh4 Be4 60.Bxe4
fxe4 61.Kh3 Kxc6 62.Kg2 Kc5 63.Kf2 Kd4 64.Ke2 Ke5 65.a4 Kd4 66.a5 Kc5 67.
Ke3 Kb5 68.Kxe4 Kxa5 69.Kf5 Kb6 70.Kg5 h4 71.Kxh4 Kc6 72.Kg5 Kd6 73.Kf6 
1-0

[Event "23rd EUR-ch"]
[Site "Vrnjacka Banja SRB"]
[Date "2023.03.04"]
[Round "2.198"]
[White "Antonioudakis, Georgios"]
[Black "Martic, Ivan"]
[Result "1/2-1/2"]
[WhiteElo "1953"]
[BlackElo "2274"]
[EventDate "2023.03.03"]
[PlyCount "150"]

1.e4 e5 2.Nf3 Nc6 3.Bb5 g6 4.c3 a6 5.Ba4 Bg7 6.d4 exd4 7.cxd4 b5 8.Bc2 d6 
9.h3 Nf6 10.O-O O-O 11.a3 Bb7 12.Re1 Re8 13.Bd2 Nb8 14.Nc3 Nbd7 15.Bf4 Nb6
16.Qd3 Nc4 17.b3 Nxa3 18.Rxa3 b4 19.Ra4 bxc3 20.Bg5 Qc8 21.Bxf6 Bxf6 22.
Qxc3 c5 23.e5 Bg7 24.dxc5 Bxf3 25.Qxf3 Qxc5 26.Rc4 Qa7 27.Be4 Rxe5 28.Rec1
Rf8 29.Rc6 Re6 30.Rc8 Qd4 31.R1c4 Qa1+ 32.Kh2 Be5+ 33.g3 Rxc8 34.Rxc8+ Kg7
35.Rc2 h5 36.Bd5 Rf6 37.Qe4 h4 38.Qxh4 Qf1 39.f4 Rxf4 40.Bg2 Rf2 41.Rxf2 
Qxf2 42.Qg4 d5 43.h4 Qc2 44.h5 Qxb3 45.hxg6 f5 46.Qxf5 Qxg3+ 47.Kg1 Qe1+ 
48.Bf1 Qe3+ 49.Kh1 Qg3 50.Qh5 a5 51.Qh7+ Kf6 52.Qh8+ Kg5 53.Qd8+ Kf5 54.
Qc8+ Kxg6 55.Qg8+ Kf5 56.Qf7+ Ke4 57.Qh7+ Kd4 58.Qa7+ Ke4 59.Bg2+ Kd3 60.
Qa6+ Ke3 61.Qb6+ Kd2 62.Qxa5+ Kc1 63.Qc5+ Kb1 64.Qb4+ Kc2 65.Qc5+ Bc3 66.
Bxd5 Kd2 67.Qg1 Qd3 68.Qg2+ Kc1 69.Be4 Qd1+ 70.Qg1 Be1 71.Qc5+ Bc3+ 72.Qg1
Be1 73.Qc5+ Kb2 74.Qc2+ Qxc2 75.Bxc2 Kxc2 1/2-1/2

[Event "23rd EUR-ch"]
[Site "Vrnjacka Banja SRB"]
[Date "2023.03.04"]
[Round "2.199"]
[White "Micic, Aleksa"]
[Black "Martinkus, Rolandas"]
[Result "1-0"]
[WhiteElo "2273"]
[BlackElo "1985"]
[EventDate "2023.03.03"]
[PlyCount "45"]

1.e4 e5 2.Nf3 Nc6 3.Bc4 Nf6 4.Ng5 d5 5.exd5 Nd4 6.c3 b5 7.Bf1 Nxd5 8.cxd4 
Qxg5 9.Bxb5+ Kd8 10.Qf3 Bb7 11.O-O Rb8 12.dxe5 Ne3 13.Qh3 Qxg2+ 14.Qxg2 
Nxg2 15.d4 f6 16.Nc3 Nh4 17.f4 Nf3+ 18.Kf2 Nxd4 19.Rd1 fxe5 20.fxe5 c5 21.
Be3 Be7 22.Bxd4 Bh4+ 23.Kg1 1-0

[Event "23rd EUR-ch"]
[Site "Vrnjacka Banja SRB"]
[Date "2023.03.04"]
[Round "2.200"]
[White "Dumbelovic, Novak"]
[Black "Kojovic, Dragan"]
[Result "0-1"]
[WhiteElo "1948"]
[BlackElo "2272"]
[EventDate "2023.03.03"]
[PlyCount "98"]

1.e4 c6 2.d4 d5 3.e5 Bf5 4.h4 h5 5.Bd3 Bxd3 6.Qxd3 Qa5+ 7.Nd2 e6 8.Nf3 Nh6
9.O-O Nf5 10.c4 Qa6 11.b3 Be7 12.g3 c5 13.Qc2 Nc6 14.Bb2 dxc4 15.dxc5 Bxc5
16.Ne4 Be7 17.bxc4 O-O 18.c5 Nb4 19.Qb3 Nd3 20.Rfd1 Nxc5 21.Nxc5 Bxc5 22.
Nd4 Bxd4 23.Bxd4 Rfd8 24.Bc3 b6 25.Rxd8+ Rxd8 26.Rd1 Rxd1+ 27.Qxd1 Qxa2 
28.Qxh5 Qb1+ 29.Kg2 Qb3 30.Qf3 a5 31.Qc6 Qd5+ 32.Qxd5 exd5 33.Kf3 Ne7 34.
Ke3 Nc6 35.Kd3 b5 36.f4 b4 37.Bb2 a4 38.Kc2 Na5 39.f5 Nc4 40.Bd4 b3+ 41.
Kb1 a3 42.e6 fxe6 43.fxe6 Nd2+ 44.Kc1 b2+ 45.Bxb2 Nb3+ 46.Kc2 axb2 47.Kxb2
Nc5 48.e7 Kf7 49.Kc3 Ne6 0-1

[Event "23rd EUR-ch"]
[Site "Vrnjacka Banja SRB"]
[Date "2023.03.04"]
[Round "2.201"]
[White "Dobre, Claudiu-Cristian"]
[Black "Arsenie, Cristian Marc"]
[Result "0-1"]
[WhiteElo "2271"]
[BlackElo "1971"]
[EventDate "2023.03.03"]
[PlyCount "104"]

1.e4 c5 2.b3 g6 3.Bb2 Nf6 4.g3 Bg7 5.Bg2 d6 6.Ne2 Nc6 7.O-O O-O 8.h3 Rb8 
9.c4 a6 10.f4 e5 11.d3 Nd4 12.Nbc3 b5 13.Qd2 Nh5 14.Nxd4 cxd4 15.Ne2 bxc4 
16.bxc4 Bh6 17.Qc2 exf4 18.g4 Ng3 19.Nxg3 fxg3 20.Bxd4 Bg7 21.Bxg7 Kxg7 
22.Qc3+ Kg8 23.Qd4 Qg5 24.Qxd6 Qe3+ 25.Kh1 Bxg4 26.Qf4 Qxf4 27.Rxf4 Be2 
28.d4 Bxc4 29.Rf3 Rb2 30.a3 f5 31.Rc3 f4 32.Bf3 Be2 33.Rac1 Bxf3+ 34.Rxf3 
Rh2+ 35.Kg1 Rxh3 36.d5 g5 37.d6 Rd8 38.e5 Kf7 39.Rc7+ Ke6 40.Re7+ Kd5 41.
d7 Ke4 42.Rb3 f3 43.Rxf3 Kxf3 44.Rf7+ Kg4 45.e6 g2 46.Kf2 g1=Q+ 47.Kxg1 
Re3 48.Rf6 h5 49.Kf2 Re5 50.a4 h4 51.a5 h3 52.Kg1 Kg3 0-1

[Event "23rd EUR-ch"]
[Site "Vrnjacka Banja SRB"]
[Date "2023.03.04"]
[Round "2.202"]
[White "Savicevic, Vlatko"]
[Black "Stoychev, Ognian"]
[Result "1-0"]
[WhiteElo "2268"]
[BlackElo "1952"]
[EventDate "2023.03.03"]
[PlyCount "47"]

1.e4 e5 2.Nf3 Nc6 3.Bb5 a6 4.Ba4 Nf6 5.O-O Nxe4 6.d4 b5 7.Bb3 d5 8.dxe5 
Be6 9.Qe2 Bc5 10.Nbd2 Nxd2 11.Bxd2 O-O 12.Rad1 Bg4 13.Be3 d4 14.Bf4 Na5 
15.h3 Bxf3 16.Qxf3 Nxb3 17.axb3 Qe7 18.Rfe1 Qe6 19.Re4 Bb6 20.Bg5 c5 21.
Bf6 Rfe8 22.Qg3 g6 23.Qh4 Bd8 24.Qxh7+ 1-0

[Event "23rd EUR-ch"]
[Site "Vrnjacka Banja SRB"]
[Date "2023.03.04"]
[Round "2.203"]
[White "Goroskov, Maksim"]
[Black "Bleuzen, Erwan"]
[Result "1-0"]
[WhiteElo "2265"]
[BlackElo "1937"]
[EventDate "2023.03.03"]
[PlyCount "59"]

1.d4 d5 2.Nf3 e6 3.c4 c6 4.g3 Nf6 5.Nc3 Be7 6.Bg2 O-O 7.O-O Nbd7 8.b3 Re8 
9.Qc2 Nf8 10.e4 dxe4 11.Nxe4 Nxe4 12.Qxe4 Bf6 13.Bb2 a5 14.Rad1 Qe7 15.a3 
Ra6 16.Rfe1 c5 17.a4 Rd6 18.Ba3 Nd7 19.Ne5 Rxd4 20.Rxd4 Nxe5 21.Rd2 Nc6 
22.Red1 Bc3 23.Rd3 Bb4 24.Bb2 f5 25.Qe2 e5 26.Bxc6 bxc6 27.Qxe5 Qxe5 28.
Bxe5 Rxe5 29.Rd8+ Kf7 30.Rxc8 1-0